Estados de Alemania - Estadísticas

Estadísticas generales
  • Esta prueba ha sido intentada 4.652 veces
  • La puntuación promedio es 9 de 16
Respuestas en el mapa
Las respuestas están codificadas por una escala verde-roja en el mapa de la prueba según el % correcto abajo.
 
Estadísticas de respuestas
Estado % Correcto
Berlín
94%
Baviera
86%
Hamburgo
76%
Sajonia
66%
Bremen
61%
Renania-Palatinado
54%
Brandemburgo
53%
Baja Sajonia
51%
Renania del Norte-Westfalia
49%
Baden-Würtemberg
48%
Hesse
48%
Sarre
47%
Schleswig-Holstein
46%
Mecklenburgo-Pomerania Occidental
45%
Turingia
43%
Sajonia-Anhalt
37%
No se encontraron pruebas coincidentes
Distribución de puntuación
Porcentaje de gente con cada puntuación
Porcentaje por número respondido
Historial de tus puntuaciones
No has intentado esta prueba.